Analysis of linear Systems (Record no. 194406)
[ view plain ]
| 000 -LEADER | |
|---|---|
| fixed length control field | 00812 a2200157 4500 |
| 003 - CONTROL NUMBER IDENTIFIER | |
| control field | Nust |
| 005 - DATE AND TIME OF LATEST TRANSACTION | |
| control field | 20170207154123.0 |
| 040 ## - CATALOGING SOURCE | |
| Transcribing agency | Nust |
| 082 ## - DEWEY DECIMAL CLASSIFICATION NUMBER | |
| Classification number | 003.74 |
| 100 ## - MAIN ENTRY--PERSONAL NAME | |
| Personal name | David K. Cheng |
| 245 ## - TITLE STATEMENT | |
| Title | Analysis of linear Systems |
| 260 ## - PUBLICATION, DISTRIBUTION, ETC. | |
| Place of publication, distribution, etc. | London |
| Name of publisher, distributor, etc. | Addison Wesely |
| Date of publication, distribution, etc. | 1959 |
| 300 ## - PHYSICAL DESCRIPTION | |
| Extent | 421 pages |
| 505 ## - FORMATTED CONTENTS NOTE | |
| Formatted contents note | Characteristics of a linear Systems (page-1) Classical Solutions of linear Differential Equations (Page-14) Lumped Elements Electrical Systems (Page-43) Analogous Systems (Page-97) Analysis by founders Methods (Page-121) The Laplace Transmission (Page-155) Applications of Laplace Transformers (Page-181) Additional Concepts and theorems (Page-220) Systems with Feedback (Page-257) Sampled Data systems (Page-303) Systems with Distributed Parameters (Page-348) |
| 538 ## - SYSTEM DETAILS NOTE | |
| System details note | Almirah No. 126 and Shelf No. 1 |
| 942 ## - ADDED ENTRY ELEMENTS (KOHA) | |
| Source of classification or shelving scheme | |
| Koha item type | Book |
| Withdrawn status | Lost status | Source of classification or shelving scheme | Damaged status | Not for loan | Collection code | Permanent Location | Current Location | Date acquired | Total Checkouts | Full call number | Barcode | Date last seen | Price effective from | Koha item type |
|---|---|---|---|---|---|---|---|---|---|---|---|---|---|---|
| Military College of Signals (MCS) | Military College of Signals (MCS) | 12/12/2016 | 003.74 CHE | MCS21303 | 12/08/2016 | 12/12/2016 | Book | |||||||
| Military College of Signals (MCS) | Military College of Signals (MCS) | 12/12/2016 | 003.74 CHE | MCS21337 | 12/08/2016 | 12/12/2016 | Book | |||||||
| Military College of Signals (MCS) | Military College of Signals (MCS) | 12/12/2016 | 003.74 CHE | MCS21359 | 12/08/2016 | 12/12/2016 | Book | |||||||
| Military College of Signals (MCS) | Military College of Signals (MCS) | 12/12/2016 | 003.74 CHE | MCS22006 | 12/08/2016 | 12/12/2016 | Book |
